00401pab a2200133 454500008004000000100001800040245009100058260000900149300001500158362000800173650002100181650002200202773004300224180718b2018 xxu||||| |||| 00| 0 eng d aWauters, Bram aWhich party members participate in direct political action?: a cross-national analysis c2018 ap.225-241. aMar aPolitical action aPolitical parties aInternational Political Science Review